Chỉ mục các quy định pháp luật đối với cán bộ, công chức

Gorde:
Xehetasun bibliografikoak
Formatua: Liburua
Hizkuntza:Undetermined
Argitaratua: Hà Nội Thống kê 2000
Gaiak:
Etiketak: Etiketa erantsi
Etiketarik gabe, Izan zaitez lehena erregistro honi etiketa jartzen!
Thư viện lưu trữ: Trung tâm Học liệu Trường Đại học Cần Thơ
LEADER 00599nam a2200193Ia 4500
001 CTU_39236
008 210402s9999 xx 000 0 und d
020 |c 65000 
082 |a 344 
082 |b Ch300 
245 0 |a Chỉ mục các quy định pháp luật đối với cán bộ, công chức 
245 0 |c Sưu tầm và biên soạn: Lê Trung 
260 |a Hà Nội 
260 |b Thống kê 
260 |c 2000 
650 |a Labor laws and legislation 
650 |z Vietnam 
904 |i Nguyên sửa 
980 |a Trung tâm Học liệu Trường Đại học Cần Thơ